000 00796nam a2200241 i 4500
001 C2-0254720
003 PPAK
005 20180727222446.0
008 040516s1984 my |||| ||||| | may d
040 _aPPAK
_beng
_cPPAK
_erda
082 0 4 _a378.595
_223
090 0 0 _a378.595
_bUNI
_dKSA
110 2 _aUniversiti Sains Malaysia
245 0 0 _aLaporan jawatankuasa bagi Pusat Teknologi Pendidikan dan Media
264 1 _aPulau Pinang :
_bUniversiti Sains Malaysia ,
_c[1984]
300 _a109 pages ;
_c29 cm
336 _2rdacontent
_atext
337 _2rdamedia
_aunmediated
338 _2rdacarrier
_avolume
650 1 0 _aUniversities and colleges - Periodicals - Malaysia ; Education, Higher - Periodicals - Malaysia
710 2 _aUniversiti Sains Malaysia
_eorganizer
942 _ddc
_cB
999 _c67368
_d67368